Ballon d'Or 2025 nominees - Statistics

General Stats
  • This quiz has been taken 192 times
  • The average score is 26 of 30
Answer Stats
Hint Answer % Correct
Real Madrid Kylian Mbappé
97%
Barcelona Lamine Yamal
96%
Liverpool Mohammed Salah
96%
PSG Ousmane Dembélé
96%
Real Madrid Vinicius Junior
95%
Man City Erling Haaland
94%
Leverkusen/Liverpool Florian Wirtz
94%
PSG/Man City Gianluigi Donnarumma
94%
PSG Vitinha
94%
Chelsea Cole Palmer
92%
Bayern Harry Kane
92%
Barcelona Pedri
91%
Sporting CP/Arsenal Viktor Gyökeres
91%
Real Madrid Jude Bellingham
90%
Barcelona Raphinha
90%
PSG Desiré Doué
89%
Napoli/PSG Khvicha Kvaratskhelia
89%
Inter Milan Lautaro Martinez
89%
Liverpool Virgil van Dijk
89%
PSG Nuno Mendes
88%
PSG Achraf Hakimi
87%
Arsenal Declan Rice
85%
Barcelona Robert Lewandowski
85%
PSG Joao Neves
81%
Napoli Scott McTominay
78%
Inter Milan Denzel Dumfries
75%
Bayern Michael Olise
75%
Borussia Dortmund Serhou Guirassy
75%
Liverpool Alexis Mac Allister
71%
PSG Fabian Ruiz
70%
No matching quizzes found
Score Distribution
Percent of People with Each Score
Percentile by Number Answered
Your Score History
You have not taken this quiz